000 00271nam a22001217a 4500
999 _c165349
_d165349
082 _a
_b
100 _aVishwanath Tripathi
245 _aMeera Ki kavya/
_cby Vishwanath Tripathi.
260 _aNew Delhi:
_bVani,
_c1989.
300 _a119p.
650 _a
942 _cBK